000 00692nam a2200241Ia 4500
003 OSt
005 20220928114531.0
006 a|||||r|||| 00| 0
007 ta
008 220927b |||||||| |||| 00| 0 eng d
024 _a34548
037 _cTextual
040 _aSDCL
_cSDCL
_beng
041 _2eng
_aeng
082 _aX:99N,3.73'N7, L9
100 _aPezzullo Thomas R Ed.
_9439498
245 0 _aSalary equity.
260 _aLexington
_bLexington Books
_c1979
300 _ax,162p
_ccm.
700 _a Brittingham Barbara E Ed.
_9439499
942 _hX:99N,3.73'N7, L9
_cTEXL
_2CC
999 _c755186
_d755186